Loading...
| Current Events | 4 | 12.50 | 75% | 25% | 25% |
| Fine Arts - Classical Music | 8 | 13.75 | 88% | 38% | 13% |
| Fine Arts - Other Fine Arts | 6 | 8.33 | 83% | 0% | 0% |
| Fine Arts - Painting & Sculpture | 7 | 11.43 | 100% | 14% | 0% |
| Geography | 4 | 17.50 | 100% | 50% | 25% |
| History - American History | 8 | 13.75 | 100% | 25% | 13% |
| History - European History | 6 | 11.67 | 83% | 33% | 0% |
| History - Other History | 6 | 15.00 | 100% | 50% | 0% |
| History - World History | 6 | 10.00 | 67% | 33% | 0% |
| Literature - American Literature | 7 | 11.43 | 100% | 14% | 0% |
| Literature - British Literature | 5 | 14.00 | 100% | 40% | 0% |
| Literature - European Literature | 9 | 14.44 | 100% | 33% | 11% |
| Literature - World Literature | 6 | 13.33 | 100% | 33% | 0% |
| Mythology | 3 | 20.00 | 100% | 67% | 33% |
| Other Academic | 4 | 15.00 | 100% | 25% | 25% |
| Philosophy | 5 | 14.00 | 100% | 40% | 0% |
| Religion | 9 | 15.56 | 100% | 33% | 22% |
| Science - Biology | 6 | 15.00 | 100% | 17% | 33% |
| Science - Chemistry | 5 | 14.00 | 100% | 20% | 20% |
| Science - Other Science | 5 | 8.00 | 80% | 0% | 0% |
| Science - Physics | 10 | 14.00 | 90% | 40% | 10% |
| Social Science | 3 | 20.00 | 100% | 67% | 33% |